00374 a2200109 4500001001000000005001700010008004100027245010300068100002600171773005000197999001700247ART_3992320260410161841.0260409a 10aLa caducidad de instancia en el proceso contencioso administrativo de la provincia de Buenos Aires1 aSavignano, Luciano C.0 tRAPg- Año 38, Nº 453 (jun. 2016)wREV5941 c24110d24110